| 000 | 01232nam a22003377a 4500 | ||
|---|---|---|---|
| 003 | CHAP | ||
| 005 | 20220817044440.0 | ||
| 008 | 110524d1994 es a r 00010 spa d | ||
| 010 | _a101281 | ||
| 011 | _a102253 | ||
| 020 | _a8431507527 | ||
| 035 | _a112941 | ||
| 040 | _cCHAP | ||
| 082 | 0 | 4 |
_a631.542 _bG76 |
| 245 | 0 | 0 | _aEl gran libro ilustrado de la poda de los árboles frutales |
| 246 | 0 | 3 |
_iEn cubierta _aEl gran libro ilustrado de la poda de los árboles frutales : _bcómo y cuándo realizar las operaciones necesarias para conseguir la máxima productividad de las plantas, y los frutos de mejor calidad |
| 260 |
_aBarcelona : _bDe Vecchi, _c1994 |
||
| 300 |
_a127 p. : _bilus. |
||
| 490 | _aColección Agricultura y Horticultura | ||
| 590 |
_aBATCH-UPD _b10 _c20130110 _lUCH01 _h1123 |
||
| 590 |
_aBATCH-UPD _b10 _c20130410 _lUCH01 _h0713 |
||
| 590 |
_aBATCH-UPD _b10 _c20130914 _lUCH01 _h1002 |
||
| 590 |
_aCONVERSION _b10 _c20130109 _lUCH01 _h1356 |
||
| 650 | 1 | 4 | _aArboles frutales. |
| 650 | 1 | 4 |
_aInjertos. _958808 |
| 650 | 1 | 4 |
_aPoda. _989467 |
| 830 | 0 |
_aColección Agricultura y Horticultura _924685 |
|
| 901 | _aBK | ||
| 942 | _cLIBRO | ||
| 949 |
_a631.542 G76 _bBC _cLIBRO _d33724002250545 _eLIBRO _h115001 _i112941 _si |
||
| 999 |
_c101281 _d101281 |
||